Sports Quiz

Random Sports or Basketball Quiz

2013 Top NBA Players Under 25 Years Old (#NBArank) Quiz Stats

Quiz not verified by Sporcle

Challenge
Share
Tweet
Embed
Score 0/50 Timer 08:00
2 Plays Today
NBArank Player % Correct
5Russell Westbrook
99.1%
4James Harden
99%
8Kyrie Irving
98.9%
9Derrick Rose
97.9%
14Blake Griffin
97.7%
21John Wall
97.6%
13Paul George
96.5%
33Anthony Davis
95.1%
156Ed Davis
94.6%
30Damian Lillard
92.2%
34Kawhi Leonard
90.5%
40DeMarcus Cousins
89.6%
39Serge Ibaka
87.2%
54Andre Drummond
79.3%
60Klay Thompson
78.2%
99Tristan Thompson
78.1%
49Ricky Rubio
77.9%
42Greg Monroe
75.4%
43Jrue Holiday
75%
70Brandon Jennings
72.6%
73Bradley Beal
68%
66Jimmy Butler
67.2%
79Tyreke Evans
67.1%
80Kemba Walker
64.2%
47Kenneth Faried
63.8%
NBArank Player % Correct
104DeMar DeRozan
61%
57Nicolas Batum
60.3%
58Chandler Parsons
60.1%
71Eric Gordon
59.8%
90Gordon Hayward
58.3%
63Eric Bledsoe
58.2%
68Derrick Favors
57.9%
76Harrison Barnes
56.9%
45Larry Sanders
54.7%
153Isaiah Thomas
51.8%
132Brandon Knight
51.8%
114Victor Oladipo
51.2%
110Dion Waiters
49.7%
97Nikola Vucevic
46.4%
119Iman Shumpert
45.6%
118Michael Kidd-Gilchrist
44.3%
112Enes Kanter
43.7%
102Avery Bradley
42.6%
126Tobias Harris
41.6%
148Evan Turner
40.7%
133Anthony Bennett
40.4%
121Lance Stephenson
39.8%
82Jonas Valanciunas
38.8%
157Ben McLemore
26.8%
150Kosta Koufos
8%

You're not logged in!

Compare scores with friends on all Sporcle quizzes.
Sign Up with Email
OR
Log In

You Might Also Like...

Show Comments

Extras

Top Quizzes Today


Score Distribution

Your Account Isn't Verified!

In order to create a playlist on Sporcle, you need to verify the email address you used during registration. Go to your Sporcle Settings to finish the process.